Datum a čas kvízu
25.5
Celkem bodů
Celkový počet nahraných bodů na tomto kvízu bez doplňovacích otázek.
4.
Pořadí na kvízu
Konečné umístění týmu na tomto kvízu.
Zaznamenané odpovědi
| # | Otázka | Odpověď | Body | Výsledky |
|---|---|---|---|---|
| 1. | Ve středu se uskutečnilo letoš... | Jablonec nad Nisou | 0 | |
| 2. | Po ulicích jednoho středoslove... | Liptovský Mikuláš | 1 | |
| 3. | Minulý týden byla přidána na... | berlínské techno | 0 | |
| 4. | Automobilka Škoda představila... | Epiq | 1 | |
| 5. | Ke kuriózní situaci došlo v zá... | Arsenal, Chelsea | 1 | |
| 6. | Téma začneme v Evropě. Seřaďte... | 1B 2D 3A 4C | 0 | |
| 7. | V souvislosti s Che Guevarou s... | v Argentině | 0 | |
| 8. | Které z těchto zvířat nežije p... | A | 1 | |
| 9. | Kolik ostrovních států se nach... | jeden | 0 | |
| 10. | Jak se jmenuje ostrovní stát,... | Tonga | 0 |